header

Combat ready? (Record no. 182708)

MARC details
000 -LEADER
fixed length control field 01964nam a2200385 a 4500
082 04 - DEWEY DECIMAL CLASSIFICATION NUMBER
Classification number 951.904/242
100 1# - MAIN ENTRY--AUTHOR NAME
Personal name Hanson, Thomas E.,
245 10 - TITLE STATEMENT
Title Combat ready?
250 ## - EDITION STATEMENT
Edition statement 1st ed.
260 ## - PUBLICATION, DISTRIBUTION, ETC. (IMPRINT)
Place of publication College Station :
Name of publisher Texas A&M University Press,
Year of publication c2010.
300 ## - PHYSICAL DESCRIPTION
Number of Pages xviii, 151 p.
490 1# - SERIES STATEMENT
Series statement Williams-Ford Texas A&M University military history series ;
505 0# - FORMATTED CONTENTS NOTE
Formatted contents note Introduction -- Postwar or prewar Army? -- The bumpy road from rhetoric to readiness -- The 27th Infantry Regiment, 25th Infantry Division -- The 31st Infantry Regiment, 7th Infantry Division -- The 19th Infantry Regiment, 24th Infantry Division -- The 8th Cavalry Regiment (Infantry), 1st Cavalry Division (Infantry) -- Conclusions.
650 #0 - SUBJECT ADDED ENTRY--TOPICAL TERM
Topical Term Korean War, 1950-1953
Topical Term Operational readiness (Military science)
856 40 - ELECTRONIC LOCATION AND ACCESS
Uniform Resource Identifier http://site.ebrary.com/lib/rucke/Doc?id=10411775

No items available.

© 2026 Rongo University
Contact us: librarian | system librarian | Rongo university